| 000 | 00817nam a22002297a 4500 | ||
|---|---|---|---|
| 005 | 20100821105358.0 | ||
| 010 | _aENG-101224 | ||
| 020 |
_c90.00 _a9788123758015 |
||
| 035 | _aEN-84757 | ||
| 037 | _bDBAD/PUB | ||
| 082 | _a920 | ||
| 100 |
_aGomes, Olivinho J. F. _916967 |
||
| 245 |
_aFrancisco Luis Gomes / _bby R. N. Lakhotia [and] Subhash Lakhotia |
||
| 260 |
_aNew Delhi _bNational Book Trust _c2010 |
||
| 270 |
_aNehru Bhawan, 5 Institutional Book Trust Nehru Bhawan, 5 Institutional Area, Phase-II Vasant Kunj _bNew Delhi _e110070 |
||
| 300 |
_a261 p. _c22cm (Pbk) |
||
| 500 | _aIncludes bibliographical references | ||
| 700 | _915693 | ||
| 700 | _915729 | ||
| 942 |
_2ddc _cEN _mGOM _h920 |
||
| 999 |
_c42872 _d42872 |
||